Shipping economics

Αποθηκεύτηκε σε:
Λεπτομέρειες βιβλιογραφικής εγγραφής
Άλλοι συγγραφείς: Cullinane, Kevin (Επιμελητής έκδοσης)
Μορφή: Βιβλίο
Γλώσσα:English
Δημοσίευση: Amsterdam ; Oxford : Elsevier JAI, 2005
Σειρά:Research in transportation economics ; ; 12
Θέματα:
Ετικέτες: Προσθήκη ετικέτας
Δεν υπάρχουν, Καταχωρήστε ετικέτα πρώτοι!

MARC

LEADER 00000nam a2200000 i 4500
001 1/49132
008 070725s2005 eng d
020 |a 0-7623-1177-0 
022 |a 07398859 
035 |l 10089105 
040 |a GR-MY-UA  |b gre  |e aacr 
041 0 |a eng 
082 0 |a 387.544  |2 (22) 
245 1 0 |a Shipping economics /  |c edited by Kevin Cullinane 
260 |a Amsterdam ; Oxford :   |b Elsevier JAI,   |c 2005 
300 |a ix, 313 σ.;  |b σχ.;  |c 24 εκ. 
490 1 |a Research in transportation economics  |v ; 12 
504 |a Περιλαμβάνει βιβλιογραφίες και ευρετήρια 
650 0 0 |a Shipping  |x Economic aspects. 
650 0 0 |a Shipping  |x Finance. 
650 0 0 |a Shipping  |x Econometric models. 
700 1 |a Cullinane, Kevin.  |4 edt 
830 0 |a Research in transportation economics ;  |v ; 12 
852 |a INST  |b CHIOS  |e 20070725  |h 387.544 CUL  |p 005200025823  |q 005200025823  |t BK  |y 0 
901 |a BIBL2-2007-2 
909 |a Χ  |b 137024 
922 |a 2ΕΛΗ  |b 200707  |c ΕΠΕΑΕΚ2/ΤΝΕΥ  |d ΠΑΠΑΣΩΤΗΡΙΟΥ 
970 |z 2007/07/